BUBT Library Online Catalog

Cambridge first Certificate reading (Record no. 432)

000 -LEADER
fixed length control field 00735nam a22002657a 4500
008 - FIXED-LENGTH DATA ELEMENTS--GENERAL INFORMATION
fixed length control field 130605b xxu||||| |||| 00| 0 eng d
020 ## - INTERNATIONAL STANDARD BOOK NUMBER
International Standard Book Number 0-521-64656-1
024 ## - OTHER STANDARD IDENTIFIER
Terms of availability available
037 ## - SOURCE OF ACQUISITION
Terms of availability available
040 ## - CATALOGING SOURCE
Original cataloging agency mbstu library
Modifying agency mbstu library
082 ## - DEWEY DECIMAL CLASSIFICATION NUMBER
Edition number 22
Classification number 428.4 ROC
100 ## - MAIN ENTRY--PERSONAL NAME
Personal name Roberts, Paul
110 ## - MAIN ENTRY--CORPORATE NAME
Corporate name or jurisdiction name as entry element
245 ## - TITLE STATEMENT
Title Cambridge first Certificate reading
250 ## - EDITION STATEMENT
Edition statement New Edition
260 ## - PUBLICATION, DISTRIBUTION, ETC. (IMPRINT)
Place of publication, distribution, etc. New york
Name of publisher, distributor, etc. Cambridge University press
Date of publication, distribution, etc. 2002
300 ## - PHYSICAL DESCRIPTION
Extent 19 cm
Other physical details 119 page
Type of unit 1
Size of unit 19 cm
600 ## - SUBJECT ADDED ENTRY--PERSONAL NAME
Source of heading or term English Language
Personal name English Language
700 ## - ADDED ENTRY--PERSONAL NAME
Personal name Roberts, Paul
710 ## - ADDED ENTRY--CORPORATE NAME
Corporate name or jurisdiction name as entry element
270 ## - ADDRESS
Address New York
City New York
Country USA
365 ## - TRADE PRICE
Price amount 1055.00
Unit of pricing 1055.00
942 ## - ADDED ENTRY ELEMENTS (KOHA)
Source of classification or shelving scheme
Koha item type Books

No items available.

More Information About Library

Library Hours

  • Open: 9.00 am. to 9.00 pm.
  • Only Sunday: 9.00 am. to 6.00 pm.
  • Closed: Holiday

Contact to the University

Bangladesh University of Business and Technology Library

  • Mirpurl-2, 1216.
  • Phone:
  • Fax:
  • E-Mail: admin.library@bubt.edu.bd

Contact to the Library

Contact Person:

Md. Abdul Hakim Shah
Joint Librarian
PABX No:  113
Cell No: 01816332931
E-mail: official: admin.library@bubt.edu.bd
Personal: hakim.shah@bubt.edu.bd


BUBT Library

Copyright © 2021